000 00564nam a2200181 i 4500
001 140980
003 ES-MaACL
007 t|
008 070918s1945 ag ||||1| spa d
100 1 _aWilkins, A. S.
_9116855
245 1 3 _aLa vida diaria de los romanos
_b: (antigüedades romanas) /
_cA. S. Wilkins.
260 _aBuenos Aires :
_bAtalaya,
_c[1945]
300 _a163 p. :
_bil. ;
_c20 cm.
490 1 _aHumanidad Atalaya ;
_v1
830 0 0 _aHumanidad (Atalaya)
_v1
_9220374
852 _aES-MaACL
_jE-2048
_bR.23046
999 _c140980
_d140980